| Tag |
First Indicator |
Second Indicator |
Subfields |
| LEADER |
00000pam a2200000 a 4500 |
| 001 |
in00000079151 |
| 005 |
20151008060740.0 |
| 008 |
800925s1982 cauabf b 00110 engm |
| 010 |
|
|
|a 80024187
|
| 020 |
|
|
|a 0520043014
|
| 035 |
|
|
|a (OCoLC)06816028
|
| 035 |
|
|
|9 AAJ6482AM
|
| 040 |
|
|
|a DLC
|c DLC
|d m.c.
|d TXA
|d UtOrBLW
|
| 043 |
|
|
|a a-ii---
|a a-pk---
|
| 049 |
|
|
|a TXAM
|c [388022]
|
| 050 |
0 |
0 |
|a DS422.C3
|b J83
|
| 082 |
0 |
|
|a 305.5/6
|2 19
|
| 100 |
1 |
|
|a Juergensmeyer, Mark.
|
| 245 |
1 |
0 |
|a Religion as social vision :
|b the movement against untouchability in 20th century Punjab /
|c Mark Juergensmeyer.
|
| 264 |
|
1 |
|a Berkeley :
|b University of California Press,
|c [1982]
|
| 264 |
|
4 |
|c ©1982
|
| 300 |
|
|
|a x, 357 pages, 12 unnumbered pages of plates :
|b illustrations, map ;
|c 22 cm.
|
| 336 |
|
|
|a text
|b txt
|2 rdacontent
|
| 337 |
|
|
|a unmediated
|b n
|2 rdamedia
|
| 338 |
|
|
|a volume
|b nc
|2 rdacarrier
|
| 500 |
|
|
|a Includes index.
|
| 504 |
|
|
|a Bibliography: pages 321-346.
|
| 650 |
|
0 |
|a Dalits.
|
| 650 |
|
0 |
|a Social movements
|z India
|z Punjab.
|
| 651 |
|
0 |
|a Punjab (India)
|x Religion.
|
| 651 |
|
0 |
|a Punjab (India)
|x Social conditions.
|
| 999 |
|
|
|a MARS
|
| 999 |
f |
f |
|s b33d5f6a-3e72-369c-b574-bc9204edcfa8
|i 73129825-5018-3993-a3c4-d6e45a2cc31c
|t 0
|
| 952 |
f |
f |
|p ric
|a Texas A&M University
|b Rellis Campus
|c Joint Library Facility
|d Remote Storage
|t 0
|e DS422.C3 J83
|h Library of Congress classification
|i unmediated -- volume
|m A14806101364
|
| 998 |
f |
f |
|a DS422.C3 J83
|t 0
|l Remote Storage
|